Ảnh hưởng của điều kiện ngâm và chiếu sáng đến hàm lượng isoflavone trong đậu nành nảy mầm : Luận văn thạc sĩ :Chuyên ngành: Công nghệ thực phẩm

সংরক্ষণ করুন:
গ্রন্থ-পঞ্জীর বিবরন
প্রধান লেখক: Trương, Khắc Huy
বিন্যাস: Luận văn
ভাষা:Undetermined
প্রকাশিত: Trường Đại học Công nghiệp Tp. Hồ Chí Minh 2020
বিষয়গুলি:
অনলাইন ব্যবহার করুন:https://opac.iuh.edu.vn/TraCuuTaiLieuSo2XemChiTiet.aspx?Id=110977
ট্যাগগুলো: ট্যাগ যুক্ত করুন
কোনো ট্যাগ নেই, প্রথমজন হিসাবে ট্যাগ করুন!
Thư viện lưu trữ: Trung tâm Thư viện - Trường Đại học Công nghiệp TP. Hồ Chí Minh
LEADER 00825nam a2200169Ia 4500
001 UIH_02054
008 230809s9999 xx 000 0 und d
082 |a 664 
100 |a Trương, Khắc Huy 
245 0 |a Ảnh hưởng của điều kiện ngâm và chiếu sáng đến hàm lượng isoflavone trong đậu nành nảy mầm : Luận văn thạc sĩ :Chuyên ngành: Công nghệ thực phẩm 
245 0 |c Trương, Khắc Huy 
260 |b Trường Đại học Công nghiệp Tp. Hồ Chí Minh 
260 |c 2020 
650 |a Công nghệ thực phẩm; 
856 |u https://opac.iuh.edu.vn/TraCuuTaiLieuSo2XemChiTiet.aspx?Id=110977 
927 |a Luận văn 
980 |a Trung tâm Thư viện - Trường Đại học Công nghiệp TP. Hồ Chí Minh